000 00273nam a22001097a 4500
008 230623b xxu||||| |||| 00| 0 eng d
082 _a330.9
_bALE 1975
245 _aThe Political Economy of Change
260 _aUK
_bBasil Blackwell
_c1975
300 _a185p
942 _2ddc
_cBK
999 _c2534
_d2534